Spectroscopy. Source Book
Gespeichert in:
| Format: | Buch |
|---|---|
| Veröffentlicht: |
New York :
McGraw-Hill,
1988
|
| Tags: |
Keine Tags, Fügen Sie das erste Tag hinzu!
|
MARC
| LEADER | 00000nam a22000003a 4500 | ||
|---|---|---|---|
| 001 | stu46749 | ||
| 005 | 20141122035520.8 | ||
| 008 | ------s1988----xxu---------------------d | ||
| 040 | |a STU |b slo | ||
| 041 | 0 | ||
| 044 | |a xxu | ||
| 080 | |a 543.42.061 | ||
| 245 | |a Spectroscopy. Source Book | ||
| 260 | |a New York : |b McGraw-Hill, |c 1988 | ||
| 300 | |a 288 s | ||
| 996 | |b J84956 |c J*84956/D |l JJST |s P |a 0 |w stu46749_0001 | ||